| 000 | 00575nam a22002057a 4500 | ||
|---|---|---|---|
| 005 | 20230109032326.0 | ||
| 008 | 230109b |||||||| |||| 00| 0 eng d | ||
| 020 | _a0-446-94050-x | ||
| 082 | _aFIc. C865 1979 | ||
| 100 |
_aCourtney, Caroline _eauthor |
||
| 245 |
_aDuchess in disguise / _cCaroline Courtney |
||
| 260 |
_aNew York: _bWarner Books, _cc1979. |
||
| 300 | _a222p. | ||
| 541 | _e5506 | ||
| 650 | _aMan-woman relationships - Fiction | ||
| 650 | _aHistorical fiction | ||
| 650 | _aRomance fiction | ||
| 650 | _aRegency novels | ||
| 650 | _aDisguise fiction | ||
| 999 |
_c483 _d483 |
||